000 00736nam a2200253 a 4500
001 13249
003 BD-RjUL
005 20211208235427.0
008 140130m19761967ii a b 001 0 eng d
020 _a0210225521
035 _a(BD-RjUL)13300
040 _aDLC
_cDLC
_beng
_dBD-RjUL
041 _aeng
082 0 0 _223
_a624.15136
_bSIS 1976
100 1 _aSingh, Alam
_941259
245 1 0 _aSoil engineering in theory and practice /
_cAlam Singh
250 _a2d rev. and enl. ed.
260 _aNew York :
_bAsia Pub. House,
_cc1976.
300 _aV. :
_bill. ;
_c25 cm.
504 _aIncludes bibliography and Index
505 _aV.-1--Fundamentals and General Principles.
650 0 _aSoil mechanics.
_941260
942 _2ddc
_cBK
999 _c13249
_d13249